| 000 | 006130000a22001810004500 | ||
|---|---|---|---|
| 003 | MACL | ||
| 005 | 20180624175620.0 | ||
| 008 | 160113b xxu||||| |||| 00| 0 eng d | ||
| 040 |
_aMACL _cMACL |
||
| 041 | _aHindi | ||
| 082 | _a332 | ||
| 100 |
_aअरविन्द मोहन दिवेदी _931619 |
||
| 245 | _aRBI असिस्टैन्ट भर्ती परीक्षा | ||
| 260 |
_aदिल्ली _bडायमण्ड पॉवर लर्निग _c2013 |
||
| 350 | _a130 | ||
| 650 |
_aबैंक परीक्षा _931554 |
||
| 942 |
_cHIN _k332 _2ddc |
||
| 999 |
_c47383 _d47383 |
||